Mathematical Physics 2000 (Record no. 6317)

MARC details
000 -LEADER
fixed length control field 00476nam a2200205Ia 4500
008 - FIXED-LENGTH DATA ELEMENTS--GENERAL INFORMATION
fixed length control field 130729s9999 xx 000 0 und d
020 ## - INTERNATIONAL STANDARD BOOK NUMBER
International Standard Book Number 186094230x
072 ## - SUBJECT CATEGORY CODE
Subject category code Mathematical Physics
082 ## - DEWEY DECIMAL CLASSIFICATION NUMBER
Classification number 530.15
082 ## - DEWEY DECIMAL CLASSIFICATION NUMBER
Item number F695
100 ## - MAIN ENTRY--PERSONAL NAME
Personal name Fokas A. (Ed.)
9 (RLIN) 548
245 ## - TITLE STATEMENT
Title Mathematical Physics 2000
245 ## - TITLE STATEMENT
Statement of responsibility, etc Fokas A. (Ed.)
260 ## - PUBLICATION, DISTRIBUTION, ETC. (IMPRINT)
Place of publication, distribution, etc London
260 ## - PUBLICATION, DISTRIBUTION, ETC. (IMPRINT)
Name of publisher, distributor, etc ICP
260 ## - PUBLICATION, DISTRIBUTION, ETC. (IMPRINT)
Date of publication, distribution, etc 2000
300 ## - PHYSICAL DESCRIPTION
Extent 326
300 ## - PHYSICAL DESCRIPTION
Type of unit Illustration,reference & graph
942 ## - ADDED ENTRY ELEMENTS (KOHA)
Item type Book

No items available.